00229nam a2200085Ia 450000100070000000500170000700800410002424500490006526000290011470262320250826162336.0250824s9999 xx 000 0 und d 0aKOŞMAK İSTİYORUMcWENDELIN VAN DRAANEN bBEYAZ BALİNA YAYINLARI